000 00463nmm a2200157Ia 4500
008 251105s9999||||xx |||||||||||||||||und||
020 _a9781882528639
041 _aeng
100 _aZin Bollettino, Vincenzo
245 4 _aThe train station
264 _a[Washington, Estados Unidos] :
_bScripta Humanistica,
_c2014
300 _a395 páginas
650 _aEmigration and immigration
856 _uhttps://public.digitaliapublishing.com/a/41694
942 _cCF
999 _c75337
_d75337